| 000 | 00310nam a2200109Ia 4500 | ||
|---|---|---|---|
| 008 | 230907s9999||||xx |||||||||||||| ||und|| | ||
| 082 |
_a621.433 _bWIL |
||
| 100 | _aWilson, David Gordon, | ||
| 245 | 4 | _aThe design of high-efficiency turbomachinery and gas turbines / | |
| 300 | _axxix, 593 pages : | ||
| 942 | _cBK | ||
| 999 |
_c598627 _d598627 |
||